000 00669nam a2200241Ia 4500
003 OSt
005 20220918230605.0
006 a|||||r|||| 00| 0
007 ta
008 220917b |||||||| |||| 00| 0 eng d
024 _a256,211
037 _cTextual
040 _aARTS
_cARTS
_beng
041 _2eng
_aeng
082 _aV654:21wN34, L1
100 _aNigeria.president Gowon Yakubu
_9152891
245 0 _aFaith in unity
260 _aLagor
_bFederal Ministry of Information Nigeria
_c1971
300 _a183p
_ccm.
650 _aHISTORY
942 _hV654:21wN34, L1
_cTEXL
_2CC
999 _c288446
_d288446